3-D Religion Quiz Stats

 Plays Quiz Updated Jul 8, 2017

Support Sporcle.
Go Orange.
Score 0/15 Timer 05:00
0 Plays Today
% Correct
Dalai Lama
89.5%
David
86.3%
Delilah
86.1%
Daniel
84.8%
Desmond
83.3%
Diana
83.2%
Druid
78.1%
Didymus the Blind
77.5%
% Correct
Dokkaebi
72.8%
Dhammakaya
72.7%
Dryad
68.9%
Dionysius
65.3%
Drogo of Sebourg
62%
Desiderius
58.1%
Devi
48.6%

You're not logged in!

Compare scores with friends on all Sporcle quizzes.
OR
Log In
Forgot?

From the Vault

TV Show Opening Credits II

by MrChewypoo

You'll definitely remember some of the answers, from back when you didn't watch all your stories on DVD and Tivo.
Remove Ads.
Support Sporcle.
Get the best of Sporcle when you Go Orange. This ad-free experience offers more features, more stats, and more fun while also helping to support Sporcle. Thank you for becoming a member.

Show Comments

Extras

Top Quizzes Today


Score Distribution

Your Account Isn't Verified!

In order to create a playlist on Sporcle, you need to verify the email address you used during registration. Go to your Sporcle Settings to finish the process.

Report this User

Report this user for behavior that violates our Community Guidelines.

Details: